The diaries of John Gregory Bourke / (Record no. 47062)
[ view plain ]
| 000 -LEADER | |
|---|---|
| fixed length control field | 01434nam a2200337 a 4500 |
| 082 04 - DEWEY DECIMAL CLASSIFICATION NUMBER | |
| Classification number | 978/.02/092 |
| -- | B |
| 100 1# - MAIN ENTRY--AUTHOR NAME | |
| Personal name | Bourke, John Gregory, |
| 245 14 - TITLE STATEMENT | |
| Title | The diaries of John Gregory Bourke / |
| 260 ## - PUBLICATION, DISTRIBUTION, ETC. (IMPRINT) | |
| Place of publication | Denton, Tex. : |
| Name of publisher | University of North Texas, |
| Year of publication | c2003- |
| 300 ## - PHYSICAL DESCRIPTION | |
| Number of Pages | v. <1 > : |
| Other physical details | ill., map. |
| 505 1# - FORMATTED CONTENTS NOTE | |
| Formatted contents note | v. 1. November 20, 1872-July 28, 1876. |
| 650 #0 - SUBJECT ADDED ENTRY--TOPICAL TERM | |
| Topical Term | Soldiers |
| Topical Term | Indians of North America |
| 700 1# - ADDED ENTRY--PERSONAL NAME | |
| Personal name | Robinson, Charles M., |
| 856 40 - ELECTRONIC LOCATION AND ACCESS | |
| Uniform Resource Identifier | http://site.ebrary.com/lib/rucke/Doc?id=10062662 |
No items available.
